| 000 | 00531nam a2200145Ia 4500 | ||
|---|---|---|---|
| 008 | 140724s9999 xx 000 0 und d | ||
| 050 |
_aQA 76.5 _b.N278 2010 |
||
| 100 | _aNatividad, Ian Fernandez. | ||
| 245 |
_aPatient dental information and billing system (PDIABS) of Tagulalap Dental Clinic / _cIan Fernandez Natividad. |
||
| 260 |
_aLas PiƱas, Philippines : _bSouthville International School and Colleges, _cc2010. |
||
| 300 |
_a49 p. : _bill. ; _c28 cm. |
||
| 521 | _aInformation Technology | ||
| 942 | _cTH | ||
| 999 |
_c229291 _d229291 |
||